|
|
|
|
| LEADER |
01264nam a2200337 a 4500 |
| 001 |
16339296 |
| 008 |
140821r20102009enk b 001 0 eng |
| 010 |
|
|
|a 2010280072
|
| 020 |
|
|
|a 9781844676231 (pbk.)
|
| 020 |
|
|
|a 1844676234 (pbk.)
|
| 040 |
|
|
|a UKM
|c UKM
|d BTCTA
|d YDXCP
|d GZM
|d C#P
|d DLC
|d BD-DhAAL.
|
| 082 |
0 |
4 |
|a 305.8924
|2 22
|
| 100 |
1 |
|
|a Sand, Shlomo.
|
| 245 |
1 |
4 |
|a The invention of the Jewish people /
|c Shlomo Sand ; translated by Yael Lotan.
|
| 250 |
|
|
|a Pbk. ed.
|
| 260 |
|
|
|a London ;
|a New York :
|b Verso,
|c 2009 [Reprinted 2010]
|
| 300 |
|
|
|a xi, 344 p. ;
|c 21 cm.
|
| 504 |
|
|
|a Includes bibliographical references and index.
|
| 541 |
|
|
|e 00028230
|
| 500 |
|
|
|a Originally published: 2009.
|
| 500 |
|
|
|a Translated from the Hebrew.
|
| 650 |
|
0 |
|a Jews
|x Identity
|x History.
|
| 650 |
|
0 |
|a Jews
|x Identity
|x Historiography.
|
| 650 |
|
0 |
|a Nation-building
|z Israel.
|
| 650 |
|
0 |
|a Judaism
|x History.
|
| 650 |
|
0 |
|a Jewish diaspora
|x History.
|
| 650 |
|
0 |
|a Jews
|x History.
|
| 852 |
1 |
|
|a Ayesha Abed Library
|j General shelf.
|
| 942 |
0 |
0 |
|0 1
|
| 999 |
|
|
|c 32898
|d 32898
|
| 952 |
|
|
|0 0
|1 0
|2 ddc
|4 0
|6 305_892400000000000_SAN
|7 0
|9 43459
|a BRACUL
|b BRACUL
|c GEN
|d 2014-08-24
|e Karim International
|g 1800.00
|l 8
|m 111
|o 305.8924 SAN
|p 3010028230
|r 2022-07-26
|s 2022-07-18
|t 1
|w 2014-08-24
|y BK
|